Biggest Cities in Manipur - Statistics

General Stats
  • This quiz has been taken 14 times
  • The average score is 2 of 10
Answer Stats
Population City % Correct
277,196 Imphal
100%
32,138 Kakching
25%
45,947 Thoubal
25%
27,187 Ukhrul
25%
19,893 Moirang
17%
19,363 Tamenglong
17%
24,900 Lilong
8%
17,566 Lilong
8%
24,239 Mayang Imphal
0%
22,512 Nambol
0%
No matching quizzes found
Score Distribution
Percent of People with Each Score
Percentile by Number Answered
Your Score History
You have not taken this quiz